00616nam a2200121Ia 4500008004100000041001200041082002100053100006200074245016600136260005300302300001400355650012500369231221s9999 xx 000 0 und d aEnglish a020.91 KHO;1 R aKhoo, Christopher. Sing, Diljit. Chaudhary, Abdus Sattar. 0aProcedings of the asiapacific conference on library and information education and pratice 2006: preparing information professionals for leadership in the new age c2006bNanyang Technological UniversityaSigapore axiii, 658 aProcedings,asiapacific,conference,information,education,pratice,2006:,preparing,information,professionals,leadership,age